| 000 | 00822nam a2200193 a 4500 | ||
|---|---|---|---|
| 001 | 001036806 | ||
| 003 | AM-YeHGA | ||
| 005 | 20250617150838.0 | ||
| 008 | 140911s1975 ||| r 000 0 rus d | ||
| 040 | _aAM-YeHGA | ||
| 041 | 0 | _arus | |
| 245 | 0 | 0 |
_aДинамические режимы работы электрических машин переменного тока : _b(Тезиы докладов) / _cСмоленск. фил. Моск. энергетич. ин-та; Под ред. И.П. Копылова. |
| 260 |
_aСмоленск : _bБ. и., _c1975. |
||
| 300 | _a140 с. | ||
| 653 | 0 | _aЭлектротехника | |
| 700 | 1 |
_aКопылов, И.П. _bред. _cedt |
|
| 710 | 2 |
_aМосковский энергетический институт _bСмоленский филиал |
|
| 090 | _c341415 | ||
| 999 |
_c339633 _d339633 |
||